East Asian Geography Quiz - Statistics

General Stats
  • This quiz has been taken 920 times
  • The average score is 15 of 22
Answer Stats
Hint Answer % Correct
What mountain is iconic of the Tokyo skyline? Mt Fuji
98%
What island is also known as "Chinese Taipei"? Taiwan
93%
What is the capital of North Korea? Pyongyang
92%
What country used to own Macau? Portugal
89%
What is the longest river in East Asia? Yangtze River
89%
What sea lies between South Korea and China? Yellow Sea
88%
Fill in the blank of this Chinese province Inner {Mongolia}
84%
What is the most practiced religion in Japan? Shinto
83%
Soldiers made of what material were found in Xian? Terracotta
79%
Who is the current president of China? Xi Jinping
78%
What is Russia's largest Pacific port? Vladivostok
75%
What is the currency of South Korea? Won
72%
What is the largest city on Hokkaido? Sapporo
66%
What is the name for the far northeastern part of China? Manchuria
64%
What city will host the 2022 winter olympics? Beijing
59%
What famous building in Taipei was once the tallest in the world? Taipei
55%
What river ends near Guangzhou? Pearl River
54%
What island is located southeast of the Korean Peninsula? Jeju
51%
What type of poem is also the largest city on Hainan? Haikou
45%
What is Russia's largest island? Sakhalin
45%
What river flows through Seoul? Han River
28%
Which island was center of the Ryukyu kingdom? Okinawa
23%
No matching quizzes found
Score Distribution
Percent of People with Each Score
Percentile by Number Answered
Your Score History
You have not taken this quiz